000 00722cam a2200229 a 4500
001 000009867
005 20200929161735.0
008 890411s1987 cu 000 f spa d
035 _a(DLC) 86186478
040 _aDO-SdBNP
_bspa
_cDLC
_dDLC
_dBNPHU
082 _a863.3
_bV436dia
100 1 _aVélez de Guevara, Luis,
_d1579-1644
_94138
245 1 3 _aEl diablo cojuelo /
_cLuis Vélez de Guevara ; edición de Dania Pérez Rubio.
260 _aLa Habana :
_bArte y Literatura,
_c1987.
300 _a130 p. :
_bil. ;
_c20 cm.
650 4 _aNovela española
_91123
650 4 _aLiteratura española
_9632
700 1 _aPérez Rubio, Dania,
_eed.
_95482
910 _aCatalogación derivada.
910 _aWM
049 _aBNGR
999 _c9626
_d9626